Statistics for Famous Dictators #3

Click here to take the quiz!

General Stats

  • This quiz has been taken 1,663 times
    (1,661 since last reset)
  • The average score is 13 of 27

Answer Stats

DictatorCountry% Correct
Indira GandhiIndia
92%
Hosni MubarakEgypt
86%
King Abdullah IISaudi Arabia
77%
Philippe PétainVichy France
77%
Jean-Claude DuvalierHaiti
71%
SukarnoIndonesia
68%
Alexander LukashenkoBelarus
63%
Laurent KabilaDemocratic Republic of the Congo
54%
Enver HoxhaAlbania
52%
Ioannis MetaxasGreece
52%
Porfirio DíazMexico
52%
Muhammad Zia-ul-HaqPakistan
52%
António de Oliveira SalazarPortugal
52%
Ali Abdullah SalehYemen
52%
Chun Doo HwanSouth Korea
50%
Ne WinBurma
47%
Mohammad OmarAfghanistan
41%
Anastasio Somoza GarcíaNicaragua
41%
Vidkun QuislingNorway
41%
Todor ZhivkovBulgaria
34%
Samuel DoeLiberia
34%
King HamadBahrain
33%
Yumjaagiin TsedenbalMongolia
33%
Moussa TraoréMali
32%
Isaias AfewerkiEritrea
25%
Francisco Macías NguemaEquatorial Guinea
23%
Dési BouterseSuriname
16%

Score Distribution

Percentile by Number Answered

Percent of People with Each Score

Your Score History

You have not taken this quiz since the last reset